| 000 | 00797nam a2200205Ia 4500 | ||
|---|---|---|---|
| 003 | GCL | ||
| 008 | 140319s9999 xx 000 0 ara d | ||
| 040 |
_aGCL / _cGCL |
||
| 082 | 0 | 4 |
_a390.0956802 _bر ق |
| 100 | 1 | _aروكس بن زائد العزيزى | |
| 245 | 1 | 0 |
_aقاموس العادات واللهجات والاوابد الاردنية / _cروكس بن زائد العزيزى |
| 260 |
_aالاردن : _bوزارة الثقافة الاردنية ، _c2003 |
||
| 300 |
_a3 مج ؛ _c24 سم |
||
| 490 |
_aسلسلة كتب ثقافية _v67 |
||
| 650 | 0 | 4 | _aالعادات والتقاليد |
| 650 | 0 | 4 | _aالاردن - الاحول الاجتماعية |
| 650 | 0 | 4 | _aالاردن - العادات والتقاليد |
| 650 | 0 | 4 | _aاللهجة الاردنية |
| 942 |
_2ddc _cBK |
||
| 999 |
_c8341 _d8341 |
||